000 00710nam a22002297a 4500
005 20170124110104.0
010 _a208789
020 _c00.00
035 _a208789
037 _bCen Lib/Ret
040 _aDPL
_bEN
082 _a954.083
_bGER
100 _aGermon, Maria
_927831
245 _aJournal of the siege of Lucknow :
_cby Maria Germon;edited by Michael Edwardes
_ban episode of the Indian mutiny /
260 _aLondon
_bConstable
270 _aLondon
_bLondon
300 _axvi,136p. :
_c17cm(Hb)
_bill.
650 _aMilitary spouses
_927832
650 _aSiege of Lucknow (India : 1857)
_927833
700 _a Edwardes, Michael
_923838
942 _2ddc
_cEN
_h954.083
_mGER
999 _c129935
_d129935